| 000 | 01612nam a2200241 4500 | ||
|---|---|---|---|
| 005 | 20250605150243.0 | ||
| 008 | 250520b |||||||| |||| 00| 0 eng d | ||
| 020 | _a9780393533538 | ||
| 040 |
_aCSL _cCSL |
||
| 041 |
_2eng _aeng |
||
| 084 |
_aE9G Q7;R1 Carc _qCSL |
||
| 100 |
_aMiesfeld, Roger L. _eauthor. _9808996 |
||
| 245 | _aBiochemistry | ||
| 250 | _a2 | ||
| 260 |
_aNew York _bNorton, _c2021. |
||
| 300 |
_axxvii, 1227p. _b: col. ill. _c; 28 cm |
||
| 500 | _aIncludes answers, glossary and index | ||
| 505 | _aPART 1 Principles of Biochemistry ; PART 2 Protein Biochemistry ; PART 3 Energy Conversion Pathways ; PART 4 Metabolic Regulation ; PART 5 Genomic Regulation | ||
| 520 | _aDrawing on more than three decades of teaching experience, Roger Miesfeld and Megan McEvoy created a book that is both a learning tool for students and a teaching tool for instructors—one that delivers exceptionally readable explanations, stunning graphics, and rigorous content. Relevant everyday biochemistry examples make clear why biochemistry matters in a way that develops students’ knowledge base and critical thinking skills. The second edition includes exciting new Your Turn critical thinking pedagogy, a thoughtful balance of biology and chemistry, a compelling ebook featuring 3D molecular images, videos, animations, and more. | ||
| 650 |
_2 Chemistry _aNucleic acid structure and function _v Protein structure _x Enzyme mechanism _9808997 |
||
| 700 |
_aMcEvoy, Megan M. _eco-author. _9808998 |
||
| 942 |
_2CC _n0 _cTEXL _e2 _hE9G Q7;R1 Carc |
||
| 999 |
_c1428854 _d1428854 |
||